Akciové společnosti, zahraniční účast, burza.
Právne predpisy upravujúce postavenie podniku so zahraničnou majetkovou účasťou. Podmienky hospodárskej činnosti. Formy akciových spoločností a ich rozvoj vo vyspelých krajinách. Definícia burzy a jej fungovania. Burza tovarová, cenných papierov, devízová a dopravná. Príprava burzy cenných papierov...
Guardado en:
| Autor principal: | |
|---|---|
| Formato: | Capítulo de libro |
| Lenguaje: | checo |
| Materias: | |
| Etiquetas: |
Sin Etiquetas, Sea el primero en etiquetar este registro!
|
MARC
| LEADER | 00000naa a2200000 4500 | ||
|---|---|---|---|
| 001 | r007064 | ||
| 005 | 20221125080810.1 | ||
| 041 | 0 | |a cze | |
| 044 | |a [CS] | ||
| 245 | 1 | 0 | |a Akciové společnosti, zahraniční účast, burza. |c K. Marek |
| 520 | |a Právne predpisy upravujúce postavenie podniku so zahraničnou majetkovou účasťou. Podmienky hospodárskej činnosti. Formy akciových spoločností a ich rozvoj vo vyspelých krajinách. Definícia burzy a jej fungovania. Burza tovarová, cenných papierov, devízová a dopravná. Príprava burzy cenných papierov v ČSFR. | ||
| 610 | 2 | 0 | |a spoločnosti akciové |
| 610 | 2 | 0 | |a burzy |
| 610 | 2 | 0 | |a burzy komoditné |
| 610 | 2 | 0 | |a burzy peňažné |
| 610 | 2 | 0 | |a ČSFR |
| 610 | 2 | 0 | |a predpisy právne |
| 100 | 1 | |a Marek, K. | |